[Event "World ol U16"]
[Site "Corum"]
[Date "2019.10.29"]
[Round "1.22"]
[White "Kusa, Jakub"]
[Black "Aman, Deepak Thadani"]
[Result "1-0"]
[WhiteElo "2156"]
[BlackElo "1627"]
[PlyCount "47"]
[EventDate "2019.10.29"]
[EventType "team-swiss"]
[EventRounds "9"]
[EventCountry "TUR"]
[SourceTitle "CBM 192 Extra"]
[Source "Chessbase"]
[SourceDate "2019.11.06"]
[SourceVersion "1"]
[SourceVersionDate "2019.11.06"]
[SourceQuality "1"]
[WhiteTeam "Czech Republic"]
[BlackTeam "Australia"]
[WhiteTeamCountry "CZE"]
[BlackTeamCountry "AUS"]

1. e4 e6 2. d4 d5 3. Nd2 c5 4. exd5 Qxd5 5. Ngf3 cxd4 6. Bc4 Qd7 7. 0-0 Nc6 8. Nb3 Nf6 9. Nbxd4 Nxd4 10. Nxd4 a6 11. Re1 b5 12. Bb3 Bc5 13. Be3 Nd5 14. Bxd5 Qxd5 15. Nxb5 Qxd1 16. Nc7+ Kd7 17. Raxd1+ Kxc7 18. Bxc5 Bb7 19. Bd4 Rhg8 20. Be5+ Kc8 21. Re3 Bc6 22. Rc3 Kb7 23. Rb3+ Ka7 24. Bd4# 1-0